[Event "Olympiad-44"]
[Site "Chennai"]
[Date "2022.08.07"]
[Round "9.2"]
[White "Ashiku, Franc"]
[Black "Burgos Figueroa, Carlos Ernesto"]
[Result "0-1"]
[WhiteElo "2422"]
[BlackElo "2164"]
[PlyCount "116"]
[EventDate "2022.07.29"]
[EventType "team-swiss"]
[EventRounds "11"]
[EventCountry "IND"]
[SourceTitle "CBM 210"]
[Source "ChessBase"]
[SourceDate "2022.10.31"]
[SourceVersion "1"]
[SourceVersionDate "2022.10.31"]
[SourceQuality "1"]
[WhiteTeam "Albania"]
[BlackTeam "El Salvador"]
[WhiteTeamCountry "ALB"]
[BlackTeamCountry "ESA"]

1. d4 Nf6 2. c4 c5 3. d5 b5 4. cxb5 a6 5. bxa6 g6 6. Nc3 Bg7 7. Nf3 0-0 8. e4 d6 9. Be2 Qa5 10. 0-0 Bxa6 11. Bd2 Bxe2 12. Qxe2 Qa6 13. Qd1 Nbd7 14. Qc2 Rfb8 15. a4 Qc4 16. Ra3 Ng4 17. b3 Qa6 18. Na2 Qe2 19. Nc1 Qa6 20. Nd3 Rc8 21. Rc1 Rab8 22. Be1 Ngf6 23. Nd2 Nb6 24. a5 Na8 25. Qc4 Nc7 26. Qxa6 Nxa6 27. f3 Nd7 28. Nc4 Rb5 29. Kf1 Rcb8 30. Rb1 Bd4 31. Ke2 f5 32. Nc1 Nf6 33. Kd3 fxe4+ 34. fxe4 Ng4 35. h3 Ne5+ 36. Nxe5 Bxe5 37. Ra4 Nb4+ 38. Kc4 Na6 39. Nd3 Bd4 40. Bc3 Bxc3 41. Kxc3 R5b7 42. Kc4 Kf7 43. e5 Ke8 44. e6 Kf8 45. b4 cxb4 46. Rbxb4 Rc7+ 47. Kd4 Nxb4 48. Nxb4 Rc1 49. a6 Rb1 50. Kc3 Rc1+ 51. Kb2 Rc5 52. a7 Ra8 53. Nc6 Rb5+ 54. Ka3 Rxd5 55. Rb4 Kg7 56. Kb3 Rd1 57. Rb8 Rxa7 58. Kc2 Raa1 0-1

[Event "Caissa Guatemala Online"]
[Site "Chess.com INT"]
[Date "2021.01.23"]
[Round "6"]
[White "Burgos Figueroa, Carlos Ernesto"]
[Black "Lubbe, Melanie"]
[Result "0-1"]
[WhiteElo "2177"]
[BlackElo "2274"]
[PlyCount "86"]
[EventDate "2021.01.23"]
[EventType "swiss (blitz)"]
[EventRounds "7"]
[EventCountry "GUA"]
[SourceTitle "CBM 200 Extra"]
[Source "ChessBase"]
[SourceDate "2021.03.31"]
[SourceVersion "1"]
[SourceVersionDate "2021.03.31"]
[SourceQuality "1"]

1. e4 c5 2. Nc3 d6 3. g3 g6 4. Bg2 Bg7 5. Nge2 Nc6 6. d3 e6 7. Be3 Rb8 8. a4 a6 9. Qd2 b5 10. axb5 axb5 11. 0-0 Nge7 12. Bh6 0-0 13. Bxg7 Kxg7 14. Nf4 Nd4 15. Nce2 Nec6 16. Nxd4 Nxd4 17. Ne2 Nxe2+ 18. Qxe2 Qf6 19. b3 Qd4 20. Ra2 Bb7 21. Qe3 Qxe3 22. fxe3 Ra8 23. Rfa1 Rxa2 24. Rxa2 Ra8 25. Rxa8 Bxa8 26. d4 e5 27. d5 b4 28. Bh3 Bb7 29. Kf2 Kf6 30. Ke2 Ba6+ 31. Kf2 c4 32. Bf1 cxb3 33. cxb3 Bxf1 34. Kxf1 Kg5 35. Kg2 f5 36. Kf3 fxe4+ 37. Kxe4 Kg4 38. Kd3 Kf3 39. e4 g5 40. g4 Kf4 41. h3 Kf3 42. Kc4 Kxe4 43. Kxb4 Kd4 0-1

[Event "Managua Hurtado Memorial 19th"]
[Site "Managua"]
[Date "2019.12.30"]
[Round "8"]
[White "Burgos Figueroa, Carlos Ernesto"]
[Black "Giron, Jorge Ernesto"]
[Result "0-1"]
[WhiteElo "2192"]
[BlackElo "2236"]
[PlyCount "114"]
[EventDate "2019.12.26"]
[EventType "swiss"]
[EventRounds "9"]
[EventCountry "NCA"]
[SourceTitle "CBM 195 Extra"]
[Source "ChessBase"]
[SourceDate "2020.05.31"]
[SourceVersion "1"]
[SourceVersionDate "2020.05.31"]
[SourceQuality "1"]

1. c4 e5 2. g3 Nc6 3. Bg2 Bc5 4. d3 d6 5. Nf3 Nf6 6. 0-0 a6 7. Nc3 h6 8. a3 Ba7 9. Ne1 Be6 10. Nc2 d5 11. cxd5 Nxd5 12. Nb4 Ncxb4 13. axb4 Qd7 14. Qa4 b5 15. Qa3 f5 16. Nxd5 Bxd5 17. Bxd5 Qxd5 18. Qa2 Qd6 19. Be3 Bxe3 20. fxe3 Rf8 21. e4 f4 22. gxf4 exf4 23. Kh1 g5 24. Qb3 0-0-0 25. Ra3 Kb7 26. Qc3 g4 27. Qc5 f3 28. Qxd6 Rxd6 29. exf3 gxf3 30. Rf2 Kb6 31. Kg1 c5 32. bxc5+ Kxc5 33. d4+ Rxd4 34. Rfxf3 Rxf3 35. Rxf3 Rxe4 36. Rf6 a5 37. Rxh6 Re1+ 38. Kf2 Rb1 39. h4 Rxb2+ 40. Kg3 a4 41. Ra6 Rb3+ 42. Kg2 Rb4 43. Kg3 Rd4 44. h5 Rd5 45. Kg4 Rd1 46. h6 Rh1 47. Kg5 Kb4 48. Rf6 Rxh6 49. Rxh6 a3 50. Rh4+ Kb3 51. Rh3+ Ka4 52. Kf4 b4 53. Ke4 a2 54. Rh8 Kb3 55. Ra8 Kb2 56. Kd3 b3 57. Kd2 a1Q 0-1

[Event "Managua Hurtado Memorial 19th"]
[Site "Managua"]
[Date "2019.12.27"]
[Round "2"]
[White "Espinoza Solano, Jose Nahum"]
[Black "Burgos Figueroa, Carlos Ernesto"]
[Result "0-1"]
[WhiteElo "1878"]
[BlackElo "2192"]
[PlyCount "58"]
[EventDate "2019.12.26"]
[EventType "swiss"]
[EventRounds "9"]
[EventCountry "NCA"]
[SourceTitle "CBM 195 Extra"]
[Source "ChessBase"]
[SourceDate "2020.05.31"]
[SourceVersion "1"]
[SourceVersionDate "2020.05.31"]
[SourceQuality "1"]

1. e4 c5 2. Nf3 a6 3. c4 Nc6 4. d4 cxd4 5. Nxd4 e5 6. Nf5 d6 7. Nc3 Bxf5 8. exf5 Nf6 9. Bg5 Be7 10. Bxf6 Bxf6 11. Bd3 0-0 12. 0-0 Rc8 13. Nd5 Nd4 14. Rc1 b5 15. Qg4 Rc5 16. b3 Re8 17. Rce1 h6 18. Re3 Rxd5 19. cxd5 Qa5 20. Bb1 Rc8 21. Rd1 b4 22. Re4 Qxd5 23. Bd3 Qc6 24. f4 Qb6 25. Kh1 Rc3 26. fxe5 dxe5 27. Bc4 Qc6 28. Qh5 Rxc4 29. bxc4 Qxe4 0-1

[Event "Managua Hurtado Memorial 18th"]
[Site "Managua"]
[Date "2018.12.30"]
[Round "9"]
[White "Rocha, Maximiliano"]
[Black "Burgos Figueroa, Carlos Ernesto"]
[Result "1/2-1/2"]
[WhiteElo "2152"]
[BlackElo "2245"]
[PlyCount "60"]
[EventDate "2018.12.26"]
[EventType "swiss"]
[EventRounds "9"]
[EventCountry "NCA"]
[SourceTitle "EXT 2020"]
[Source "ChessBase"]
[SourceDate "2019.10.17"]
[SourceVersion "1"]
[SourceVersionDate "2019.10.17"]
[SourceQuality "1"]

1. e4 c5 2. Nf3 Nc6 3. Bc4 e6 4. 0-0 a6 5. a4 d5 6. exd5 exd5 7. Re1+ Be7 8. Ba2 Nf6 9. d4 c4 10. h3 0-0 11. Nc3 h6 12. Bf4 Bf5 13. Ne5 Bh7 14. Ne2 Bd6 15. c3 Re8 16. Ng3 Qc7 17. Nh5 Nxh5 18. Qxh5 Be4 19. f3 Nxe5 20. Bxe5 Bg6 21. Bxd6 Qxd6 22. Qh4 Kf8 23. Kf2 b5 24. a5 Bd3 25. Qg3 Qxg3+ 26. Kxg3 Rxe1 27. Rxe1 Re8 28. Rxe8+ Kxe8 29. Kf4 f6 30. Ke3 Ke7 1/2-1/2

[Event "Managua Hurtado Memorial 18th"]
[Site "Managua"]
[Date "2018.12.28"]
[Round "5"]
[White "Vallecillo, Saul"]
[Black "Burgos Figueroa, Carlos Ernesto"]
[Result "1/2-1/2"]
[WhiteElo "1853"]
[BlackElo "2245"]
[PlyCount "137"]
[EventDate "2018.12.26"]
[EventType "swiss"]
[EventRounds "9"]
[EventCountry "NCA"]
[SourceTitle "EXT 2020"]
[Source "ChessBase"]
[SourceDate "2019.10.17"]
[SourceVersion "1"]
[SourceVersionDate "2019.10.17"]
[SourceQuality "1"]

1. e4 c5 2. d4 cxd4 3. c3 Qa5 4. Nf3 Nc6 5. Nxd4 Nf6 6. Nxc6 dxc6 7. Bd3 e5 8. Nd2 Be6 9. Nf3 Rd8 10. Qe2 h6 11. 0-0 Be7 12. c4 0-0 13. b3 Qc3 14. Bb1 Nh5 15. Bb2 Nf4 16. Qc2 Qxc2 17. Bxc2 f6 18. Rad1 c5 19. Rxd8 Rxd8 20. g3 Ne2+ 21. Kg2 Bg4 22. Rd1 Nd4 23. Bxd4 cxd4 24. h3 Be6 25. Ne1 a6 26. Nd3 Rc8 27. Rd2 b5 28. cxb5 axb5 29. g4 g5 30. f3 Ba3 31. Kf2 Rc3 32. Ke2 Kf7 33. Bb1 Ke7 34. Rc2 b4 35. Kd2 Kd6 36. Rxc3 bxc3+ 37. Kd1 Kc6 38. Bc2 Bf8 39. Bb1 Bc8 40. Bc2 Ba6 41. Kc1 Ba3+ 42. Kd1 Kb6 43. Bb1 Ka5 44. Bc2 Bf8 45. Bb1 Bc8 46. Bc2 h5 47. Bb1 Bd7 48. Bc2 h4 49. Bb1 Ba3 50. Bc2 Bb5 51. Bb1 Bb2 52. Bc2 Kb6 53. Bb1 Kc7 54. Bc2 Kd6 55. Bb1 Ba3 56. Bc2 Bc6 57. Nf2 Kc5 58. Nd3+ Kb5 59. Ke2 Bd6 60. Bb1 Ka5 61. Bc2 Bb5 62. Kd1 Ba6 63. Bb1 Kb6 64. Bc2 Kc6 65. Bb1 Kd7 66. Bc2 Ke7 67. Ke1 Bb5 68. Bb1 Bc6 69. Ke2 1/2-1/2

[Event "Managua Hurtado Memorial 18th"]
[Site "Managua"]
[Date "2018.12.26"]
[Round "1"]
[White "Salazar Cabezas, Alberto Javier"]
[Black "Burgos Figueroa, Carlos Ernesto"]
[Result "1/2-1/2"]
[WhiteElo "1773"]
[BlackElo "2245"]
[PlyCount "115"]
[EventDate "2018.12.26"]
[EventType "swiss"]
[EventRounds "9"]
[EventCountry "NCA"]
[SourceTitle "EXT 2020"]
[Source "ChessBase"]
[SourceDate "2019.10.17"]
[SourceVersion "1"]
[SourceVersionDate "2019.10.17"]
[SourceQuality "1"]

1. d4 Nf6 2. Nf3 c5 3. e3 e6 4. Bd3 b6 5. 0-0 Bb7 6. b3 Be7 7. Bb2 0-0 8. Nbd2 d6 9. Qe2 a6 10. c4 Nbd7 11. Rfe1 Qc7 12. Rad1 Rfe8 13. e4 cxd4 14. Nxd4 Bf8 15. Bb1 Rad8 16. f3 Ne5 17. Qf2 Ng6 18. Nf1 e5 19. Nf5 Nf4 20. N1e3 g6 21. Ng3 h5 22. Ne2 Nxe2+ 23. Rxe2 Nd7 24. Red2 Nc5 25. g4 hxg4 26. Nxg4 Qe7 27. Qg3 b5 28. cxb5 axb5 29. h4 Bc8 30. h5 Ne6 31. Rh2 Nf4 32. Bc1 Bxg4 33. Qxg4 Qf6 34. Bxf4 exf4 35. Rg2 Kg7 36. hxg6 fxg6 37. e5 dxe5 38. Rxd8 Rxd8 39. Bxg6 Bc5+ 40. Kf1 Kf8 41. Be4 Qh8 42. Qf5+ Ke7 43. Qg5+ Qf6 44. Qxf6+ Kxf6 45. Rc2 Bd4 46. Bd3 b4 47. Be4 Rh8 48. Ke2 Rh1 49. Kd3 Rd1+ 50. Rd2 Re1 51. Re2 Ra1 52. Kc4 Bc3 53. a4 Kg5 54. Kb5 Kh4 55. Rg2 Re1 56. Bd5 Rd1 57. Be4 Re1 58. Bd5 1/2-1/2

[Event "Olympiad-43"]
[Site "Batumi"]
[Date "2018.10.05"]
[Round "11.4"]
[White "Atabayev, Yusup"]
[Black "Burgos Figueroa, Carlos Ernesto"]
[Result "1-0"]
[WhiteElo "2411"]
[BlackElo "2222"]
[PlyCount "151"]
[EventDate "2018.09.24"]
[EventType "team-swiss"]
[EventRounds "11"]
[EventCountry "GEO"]
[SourceTitle "CBM 187"]
[Source "ChessBase"]
[SourceDate "2018.12.11"]
[SourceVersion "1"]
[SourceVersionDate "2018.12.11"]
[SourceQuality "1"]
[WhiteTeam "Turkmenistan"]
[BlackTeam "El Salvador"]
[WhiteTeamCountry "TKM"]
[BlackTeamCountry "ESA"]

1. e4 c5 2. c3 Nf6 3. e5 Nd5 4. Nf3 Nc6 5. d4 cxd4 6. cxd4 d6 7. Bc4 Nb6 8. Bb5 d5 9. 0-0 Bd7 10. Nc3 a6 11. Bd3 Bg4 12. Be3 e6 13. a3 Na5 14. Ne2 Bh5 15. Nf4 Bg6 16. Nxg6 hxg6 17. Bd2 Nac4 18. Bc3 Rc8 19. a4 Nd7 20. a5 Rc6 21. Ra4 Qc8 22. Qe2 Be7 23. Rfa1 0-0 24. Be1 b5 25. axb6 Rxb6 26. Bxc4 dxc4 27. Qxc4 Rxb2 28. Qd3 Nb6 29. Rxa6 Nd5 30. Ra7 Qc2 31. Qxc2 Rxc2 32. Rb7 Rc7 33. Rxc7 Nxc7 34. Bd2 Nd5 35. h4 Rb8 36. Ra7 Rb1+ 37. Kh2 Rb8 38. g3 Rc8 39. Kg2 Bd8 40. Kf1 Bb6 41. Ra6 Rb8 42. Ba5 Bxa5 43. Rxa5 Rb1+ 44. Kg2 f6 45. Ra2 Rd1 46. Nd2 Nc3 47. Ra8+ Kf7 48. Nf3 Nd5 49. Ra2 Rd3 50. Rd2 Ra3 51. Ne1 Nb4 52. Nf3 Nd5 53. Ng1 Ra1 54. Nh3 Re1 55. Ng1 Ra1 56. Ne2 Re1 57. Kf3 g5 58. hxg5 fxg5 59. g4 Ra1 60. Rd3 Ra2 61. Ng3 Nf4 62. Rb3 Nd5 63. Rb7+ Kf8 64. Ne4 Ra3+ 65. Kg2 Nf4+ 66. Kh2 Rh3+ 67. Kg1 Rd3 68. Nxg5 Rxd4 69. Kh2 Ra4 70. Kg3 Ne2+ 71. Kh3 Nd4 72. Rf7+ Kg8 73. Rd7 Ra3+ 74. Kg2 Nc6 75. Rc7 Nd8 76. Rc8 1-0

[Event "Olympiad-43"]
[Site "Batumi"]
[Date "2018.10.02"]
[Round "8.4"]
[White "Michel Yunis, Christian D"]
[Black "Burgos Figueroa, Carlos Ernesto"]
[Result "0-1"]
[WhiteElo "2233"]
[BlackElo "2222"]
[PlyCount "150"]
[EventDate "2018.09.24"]
[EventType "team-swiss"]
[EventRounds "11"]
[EventCountry "GEO"]
[SourceTitle "CBM 187"]
[Source "ChessBase"]
[SourceDate "2018.12.11"]
[SourceVersion "1"]
[SourceVersionDate "2018.12.11"]
[SourceQuality "1"]
[WhiteTeam "Palestine"]
[BlackTeam "El Salvador"]
[WhiteTeamCountry "PLE"]
[BlackTeamCountry "ESA"]

1. d4 Nf6 2. c4 c5 3. d5 b5 4. Qc2 e6 5. e4 bxc4 6. Bxc4 exd5 7. exd5 d6 8. Nc3 Be7 9. Nf3 0-0 10. 0-0 Bg4 11. Nd2 Re8 12. h3 Bc8 13. Re1 Nbd7 14. a4 a6 15. b3 Bb7 16. Nf3 Nf8 17. Bb2 Ng6 18. Qd2 Qa5 19. Re3 Bf8 20. Rxe8 Rxe8 21. Re1 Rxe1+ 22. Qxe1 Nf4 23. Qd2 N6h5 24. Kh2 Ng6 25. Qg5 Nf6 26. Qe3 Qd8 27. Qd3 Qa8 28. Ne4 Nxe4 29. Qxe4 Qd8 30. g3 Qe7 31. Qd3 Bc8 32. h4 Qd7 33. Kg1 Qg4 34. Nh2 Qh5 35. Qf3 Qxf3 36. Nxf3 Ne7 37. Nd2 Bb7 38. Kf1 Nxd5 39. Ke2 Nc7 40. Bc3 d5 41. Bd3 Ne6 42. Nf3 g6 43. Ne5 Bg7 44. f4 f5 45. h5 Bxe5 46. Bxe5 Kf7 47. hxg6+ hxg6 48. Kf2 Bc8 49. Be2 Ke7 50. g4 fxg4 51. Bxg4 Nxf4 52. Bxc8 Nd3+ 53. Ke3 Nxe5 54. Bxa6 g5 55. Bc8 Nc6 56. Bg4 Kd6 57. Bd1 Ke5 58. Be2 Na5 59. Bd1 g4 60. Bxg4 Nxb3 61. Kd3 Na5 62. Bh5 Kd6 63. Kc3 Nc6 64. Be2 Ke5 65. Bh5 Na5 66. Bf7 Ke4 67. Kc2 d4 68. Kd2 c4 69. Kc2 Ke5 70. Kd2 Kd6 71. Kc2 Kc5 72. Be8 Kb4 73. Bd7 Nb3 74. Be6 d3+ 75. Kd1 c3 0-1

[Event "San Jose subzonal 2.3c"]
[Site "San Jose"]
[Date "2018.03.25"]
[Round "2"]
[White "Burgos Figueroa, Carlos Ernesto"]
[Black "Martinez Acuna, Hubert"]
[Result "1-0"]
[WhiteElo "2188"]
[BlackElo "1883"]
[PlyCount "99"]
[EventDate "2018.03.25"]
[EventType "swiss"]
[EventRounds "9"]
[EventCountry "CRI"]
[SourceTitle "EXT 2019"]
[Source "ChessBase"]
[SourceDate "2018.10.10"]
[SourceVersion "1"]
[SourceVersionDate "2018.10.10"]
[SourceQuality "1"]

1. e4 c5 2. Nf3 Nc6 3. Bb5 Nd4 4. Nxd4 cxd4 5. 0-0 Qb6 6. a4 e5 7. Qh5 Qe6 8. d3 Nf6 9. Qe2 Bc5 10. f4 0-0 11. f5 Qe7 12. g4 d5 13. g5 Nxe4 14. f6 Qe6 15. b4 Nc3 16. Nxc3 dxc3+ 17. bxc5 a6 18. fxg7 Kxg7 19. Rf6 Qg4+ 20. Qxg4 Bxg4 21. c6 axb5 22. cxb7 Rxa4 23. Rxa4 bxa4 24. Rb6 Rb8 25. Ba3 Bc8 26. bxc8Q Rxc8 27. Bd6 Kg6 28. Bxe5+ Kxg5 29. Ra6 Kf5 30. Bd4 Rb8 31. Rxa4 Rb2 32. Bxc3 Rxc2 33. Be1 Rb2 34. Bg3 Rd2 35. Rf4+ Ke6 36. d4 f5 37. Rh4 Kf6 38. Kf1 Kg6 39. Ke1 Ra2 40. Bf4 h5 41. Rh3 Ra4 42. Rg3+ Kh7 43. Be5 Kh6 44. Rg8 Ra2 45. h4 Rb2 46. Rg5 Rb1+ 47. Ke2 Rh1 48. Bf4 Ra1 49. Rxf5+ Kg6 50. Rxd5 1-0

[Event "San Salvador zt 2.3"]
[Site "San Salvador"]
[Date "2017.05.27"]
[Round "3"]
[White "Ortez, Andrea"]
[Black "Burgos Figueroa, Carlos Ernesto"]
[Result "0-1"]
[WhiteElo "1822"]
[BlackElo "2211"]
[PlyCount "176"]
[EventDate "2017.05.26"]
[EventType "swiss"]
[EventRounds "9"]
[EventCountry "ESA"]
[SourceTitle "CBM 178 Extra"]
[Source "ChessBase"]
[SourceDate "2017.06.22"]
[SourceVersion "1"]
[SourceVersionDate "2017.06.22"]
[SourceQuality "1"]

1. e4 c5 2. Nf3 Nc6 3. d4 cxd4 4. Nxd4 e5 5. Nb3 a5 6. a4 Nf6 7. Bg5 h6 8. Bxf6 Qxf6 9. Nc3 Bb4 10. Qd3 d6 11. Be2 Be6 12. 0-0 Bxb3 13. cxb3 Bc5 14. Nd5 Qd8 15. Qg3 0-0 16. Bc4 Qg5 17. Qxg5 hxg5 18. Rac1 Rad8 19. Kh1 g6 20. f3 Kg7 21. h3 Rh8 22. Rcd1 Nd4 23. Kh2 Rh4 24. g3 Rh7 25. Kg2 Rdh8 26. Rh1 Ne6 27. Nc3 Nd4 28. Nd5 f5 29. Rdf1 f4 30. g4 Rc8 31. Rd1 Rhh8 32. Rd2 Ba7 33. Nc3 Rhd8 34. Rhd1 Bc5 35. Nd5 Nc6 36. Re2 Bd4 37. Red2 Kf8 38. Nf6 Kg7 39. Nd5 Nb8 40. Ne7 Rc7 41. Nd5 Rc5 42. Re2 Nc6 43. Red2 Na7 44. Nb6 Nc8 45. Nxc8 Rdxc8 46. Kf1 Kf6 47. Kg2 Ke7 48. Kf1 R8c6 49. Bd5 Rb6 50. Bc4 Bxb2 51. Rd5 Bd4 52. Rxc5 Bxc5 53. Rd5 Rb4 54. Rd3 Bd4 55. Ke2 Bc5 56. Kf1 Rb6 57. Ke2 Rc6 58. Kf1 Bd4 59. Ke2 Rc7 60. Kf1 Kd8 61. Rd2 Kc8 62. Kg2 Kb8 63. Kf1 Ka7 64. Rc2 Kb6 65. Bd3 Rc6 66. Rxc6+ bxc6 67. Ke2 Kc5 68. Kd1 Bc3 69. Ke2 Kd4 70. Bc2 Bb4 71. Bd3 d5 72. exd5 cxd5 73. Bxg6 Kc3 74. Bf7 Kxb3 75. Bxd5+ Kxa4 76. Kd3 Ka3 77. Kc2 Be1 78. Be4 Kb4 79. Kb2 Bf2 80. Bd5 Bd4+ 81. Kc2 a4 82. Kd3 a3 83. Ba2 Bb6 84. Bc4 e4+ 85. fxe4 f3 86. Ba2 Bd4 87. Bd5 Kc5 88. Ba2 Kd6 0-1

[Event "Managua Hurtado Memorial 16th"]
[Site "Managua"]
[Date "2016.12.30"]
[Round "8"]
[White "Davila, Carlos"]
[Black "Burgos Figueroa, Carlos Ernesto"]
[Result "1/2-1/2"]
[WhiteElo "2283"]
[BlackElo "2221"]
[PlyCount "72"]
[EventDate "2016.12.26"]
[EventType "swiss"]
[EventRounds "9"]
[EventCountry "NCA"]
[SourceTitle "CBM 176 Extra"]
[Source "ChessBase"]
[SourceDate "2017.03.02"]
[SourceVersion "1"]
[SourceVersionDate "2017.03.02"]
[SourceQuality "1"]

1. e4 c5 2. Nf3 Nc6 3. Bb5 g6 4. Bxc6 dxc6 5. h3 Bg7 6. Nc3 e5 7. d3 h6 8. Be3 b6 9. g4 Be6 10. Qd2 Ne7 11. 0-0-0 Qc7 12. Nh2 0-0-0 13. f4 exf4 14. Bxf4 Qb7 15. Nf3 Qa6 16. a3 b5 17. Bh2 b4 18. Qf4 Kb7 19. Nb1 Ka8 20. Qe3 Qb5 21. a4 Qxa4 22. Qxc5 Nc8 23. Ne5 Kb7 24. Rhf1 Bf8 25. Qg1 Rh7 26. d4 Qb5 27. d5 cxd5 28. c4 bxc3 29. Nxc3 Qb3 30. Rf3 d4 31. Nd5 Qa4 32. Rxd4 Qa1+ 33. Kc2 Qxg1 34. Bxg1 Bc5 35. Rd1 Bxg1 36. Rxg1 Bxd5 1/2-1/2

[Event "Managua Hurtado Memorial 16th"]
[Site "Managua"]
[Date "2016.12.29"]
[Round "6"]
[White "Leyva, Hector"]
[Black "Burgos Figueroa, Carlos Ernesto"]
[Result "1-0"]
[WhiteElo "2327"]
[BlackElo "2221"]
[PlyCount "103"]
[EventDate "2016.12.26"]
[EventType "swiss"]
[EventRounds "9"]
[EventCountry "NCA"]
[SourceTitle "CBM 176 Extra"]
[Source "ChessBase"]
[SourceDate "2017.03.02"]
[SourceVersion "1"]
[SourceVersionDate "2017.03.02"]
[SourceQuality "1"]

1. Nf3 c5 2. e4 a6 3. c4 Nc6 4. d4 cxd4 5. Nxd4 e5 6. Nf5 d6 7. Ne3 Nf6 8. Nc3 Be6 9. Ned5 Be7 10. Be3 0-0 11. g3 Bxd5 12. cxd5 Nb8 13. Bh3 b5 14. a3 Nbd7 15. 0-0 Nb6 16. b3 Nfd7 17. f3 Bg5 18. Bf2 g6 19. Qb1 Qc7 20. Ne2 Rfb8 21. Ra2 a5 22. Rc2 Qd8 23. Rc6 Be7 24. Nc3 b4 25. axb4 axb4 26. Na2 Nc5 27. Nc1 Nbd7 28. Qc2 Bf8 29. Be3 Ra3 30. f4 Qe8 31. Kh1 Ra1 32. Rc7 exf4 33. gxf4 Nf6 34. Bxc5 dxc5 35. Bg2 Ng4 36. Qe2 Qd8 37. Rc6 Qh4 38. h3 Nf6 39. Qe1 Qxe1 40. Rxe1 Nh5 41. f5 gxf5 42. e5 Nf4 43. d6 Ne6 44. Bd5 Rd8 45. Rg1+ Kh8 46. Bxe6 fxe6 47. Rxc5 Bh6 48. Nd3 Ra3 49. Rb1 Bf8 50. Nf4 Bxd6 51. Rd1 Ra6 52. Nxe6 1-0

[Event "Managua Hurtado Memorial 16th"]
[Site "Managua"]
[Date "2016.12.28"]
[Round "4"]
[White "Burgos Figueroa, Carlos Ernesto"]
[Black "Lorenzana, Wilson Estuardo"]
[Result "0-1"]
[WhiteElo "2221"]
[BlackElo "2247"]
[PlyCount "88"]
[EventDate "2016.12.26"]
[EventType "swiss"]
[EventRounds "9"]
[EventCountry "NCA"]
[SourceTitle "CBM 176 Extra"]
[Source "ChessBase"]
[SourceDate "2017.03.02"]
[SourceVersion "1"]
[SourceVersionDate "2017.03.02"]
[SourceQuality "1"]

1. Nf3 Nf6 2. c4 g6 3. b3 c5 4. Bb2 Bg7 5. g3 0-0 6. Bg2 d6 7. 0-0 e5 8. d3 Nc6 9. Nbd2 h6 10. a3 a5 11. Rb1 Rb8 12. Ne1 Be6 13. e4 Qd7 14. Nc2 b5 15. Ne3 Nd4 16. Nd5 Nxd5 17. cxd5 Bh3 18. Bxh3 Qxh3 19. Rc1 f5 20. Bxd4 exd4 21. f3 f4 22. g4 h5 23. gxh5 Qxh5 24. Kh1 Kf7 25. Rf2 Bf6 26. Qe2 Rh8 27. Rg2 Rh6 28. Rg4 Rbh8 29. Nf1 Qe5 30. Qd2 Rh4 31. Rxh4 Rxh4 32. a4 b4 33. Qg2 Qh5 34. Nd2 Rh3 35. Rg1 Rg3 36. Qe2 Ke7 37. Nf1 Qxf3+ 38. Qxf3 Rxf3 39. Nd2 Rxd3 40. Nc4 Rxb3 41. Nxa5 Ra3 42. Nc6+ Kf7 43. a5 b3 44. Rb1 c4 0-1

[Event "Managua Hurtado Memorial 16th"]
[Site "Managua"]
[Date "2016.12.27"]
[Round "3"]
[White "Burgos Figueroa, Carlos Ernesto"]
[Black "Fonseca Cabrera, Ernesto Gregorio"]
[Result "1-0"]
[WhiteElo "2221"]
[BlackElo "2194"]
[PlyCount "99"]
[EventDate "2016.12.26"]
[EventType "swiss"]
[EventRounds "9"]
[EventCountry "NCA"]
[SourceTitle "CBM 176 Extra"]
[Source "ChessBase"]
[SourceDate "2017.03.02"]
[SourceVersion "1"]
[SourceVersionDate "2017.03.02"]
[SourceQuality "1"]

1. e4 e6 2. d3 d5 3. Nd2 c5 4. g3 g6 5. Bg2 Bg7 6. Ngf3 Ne7 7. 0-0 0-0 8. Re1 Nbc6 9. e5 b6 10. c3 Ba6 11. Nf1 h6 12. h4 Nf5 13. N1h2 b5 14. Bf4 b4 15. Qd2 bxc3 16. bxc3 h5 17. Bh3 Nce7 18. Bg5 Qa5 19. Bf6 d4 20. Bxg7 Kxg7 21. c4 Qxd2 22. Nxd2 Rab8 23. Nb3 Rfc8 24. Nf3 Bb7 25. Nfd2 Ba8 26. Bf1 Rc7 27. Rab1 Nc8 28. Nxd4 Rxb1 29. Nxf5+ exf5 30. Rxb1 Bc6 31. f4 Nb6 32. Kf2 f6 33. exf6+ Kxf6 34. Nb3 Ba4 35. Re1 Bxb3 36. axb3 a5 37. Ra1 Ra7 38. Bg2 a4 39. bxa4 Rxa4 40. Rxa4 Nxa4 41. Bc6 Nb6 42. Ke3 Nc8 43. d4 Nd6 44. dxc5 Nxc4+ 45. Kd3 Nb2+ 46. Kc3 Nd1+ 47. Kd2 Nb2 48. Bb5 Ke6 49. Kc2 Kd5 50. c6 1-0

[Event "Managua Hurtado Memorial 16th"]
[Site "Managua"]
[Date "2016.12.26"]
[Round "1"]
[White "Burgos Figueroa, Carlos Ernesto"]
[Black "Godoy Barbosa, Jaime"]
[Result "1-0"]
[WhiteElo "2221"]
[BlackElo "1558"]
[PlyCount "63"]
[EventDate "2016.12.26"]
[EventType "swiss"]
[EventRounds "9"]
[EventCountry "NCA"]
[SourceTitle "CBM 176 Extra"]
[Source "ChessBase"]
[SourceDate "2017.03.02"]
[SourceVersion "1"]
[SourceVersionDate "2017.03.02"]
[SourceQuality "1"]

1. e4 c6 2. d4 d5 3. exd5 cxd5 4. Bd3 Nf6 5. c3 Nc6 6. f4 g6 7. Nf3 Bg7 8. 0-0 0-0 9. Ne5 Ne8 10. Nd2 f6 11. Nxc6 bxc6 12. Qe2 e6 13. Nf3 Rb8 14. b4 Rb7 15. a4 Nd6 16. Ba3 Re8 17. Rfe1 Rc7 18. Rac1 f5 19. Ne5 Ne4 20. Qe3 Bf8 21. c4 a5 22. c5 axb4 23. Bxb4 Rb7 24. Nxc6 Qc7 25. Bb5 Bd7 26. Na5 Rbb8 27. c6 Bxb4 28. cxd7 Qxa5 29. dxe8Q+ Rxe8 30. Bxe8 Bd2 31. Qa3 Bxe1 32. Qe7 1-0

[Event "Managua Hurtado Memorial 15th"]
[Site "Managua"]
[Date "2015.12.28"]
[Round "4"]
[White "Burgos Figueroa, Carlos Ernesto"]
[Black "Davila, Carlos"]
[Result "0-1"]
[WhiteElo "2242"]
[BlackElo "2263"]
[PlyCount "98"]
[EventDate "2015.12.26"]
[EventType "swiss"]
[EventRounds "9"]
[EventCountry "NCA"]
[SourceTitle "CBM 170 Extra"]
[Source "ChessBase"]
[SourceDate "2016.02.25"]
[SourceVersion "1"]
[SourceVersionDate "2016.02.25"]
[SourceQuality "1"]

1. e4 e6 2. d4 d5 3. exd5 exd5 4. Nc3 c6 5. Bf4 Bd6 6. Qf3 Nf6 7. h3 0-0 8. Bd3 Re8+ 9. Nge2 Bxf4 10. Qxf4 Nbd7 11. 0-0 Nf8 12. Rae1 Ng6 13. Qg5 Bd7 14. f4 Qc7 15. f5 h6 16. Qd2 Ne7 17. g4 c5 18. Qf4 Qxf4 19. Nxf4 cxd4 20. Nd1 a6 21. Re2 Nc6 22. Rfe1 Kf8 23. a3 Rxe2 24. Rxe2 Re8 25. Rxe8+ Kxe8 26. Nf2 Ke7 27. Be2 Kd6 28. Bf3 Ne5 29. Kg2 Nc4 30. N4d3 Ne3+ 31. Kg3 Nxc2 32. Kf4 Ne3 33. Ne5 Be8 34. h4 Nd7 35. Ned3 f6 36. Nc1 Nc5 37. b4 g5+ 38. Kg3 Na4 39. Nb3 Nc2 40. Bd1 Nxa3 41. Nxd4 Nc3 42. Bf3 Ke5 43. Ne6 Bb5 44. h5 Nc2 45. Nd8 Ne4+ 46. Nxe4 dxe4 47. Nf7+ Kd4 48. Bxe4 Kxe4 49. Nxh6 Bc4 0-1